02045nam a2200241Ia 45000010005000000080041000050100009000460410014000550820022000692450169000912600018002603000007002785200006002856300016002916300014003076300039003216300024003606500022003847000030004067000035004367000026004715201306004971883241029s9999 xx 000 0 und d a1762 aEspañol aBU /ED/ 118 UTESA 0aDificultades en el aprendizaje de la Geografía en el 1er. Grado del Segundo Ciclo del Nivel Medio, en el Colegio Don Bosco Santo Domingo. Año escolar 2005-2006. aSanto Domingo a76 a4 aGeografía aMétodos aProceso de Enseñanza-Aprendizaje aRendimiento Escolar aCiencias Sociales easesoraSang Ben, Miguel  eautoraReyes Jiménez, Leonor easesoraJavier, Mario aEl objetivo general de esta investigación es evaluar el rendimiento escolar en el aprendizaje de la Ggeografía de los y las estudiantes del Colegio Don Bosco Santo Domingo, Distrito Educativo 15-03.Los datos obtenidos de esta investigación provienen de informaciones obtenidas de fuentes documental: libros, revistas, periódicos, folletos, actas de calificaciones y de la coordinación de encuestas a los actores y protagonistas del proceso enseñanza- aprendizaje, estudiantes y maestros.Algunos factores que intervienen e influyen en el logro de un rendimiento escolar verdaderamente satisfactorios son: los métodos de enseñanza que influyen en el aprendizaje de la Geografía son los métodos activo, descriptivo, explicativo y comparativo. Un ambiente escolar adecuado contribuye al buen desempeño y a la concentración del y la estudiante durante su aprendizaje, así como también, la buena relación que el docente establezca con el mismo.La relación socio familiar, es otro de los elementos que intervienen en el aprendizaje del y la estudiante. La familia pueden y deben delegar algunas funciones a los Centros Educativos, pero no deben desatenderse totalmente de ningunas de ellas, ya que, los momentos de trabajo personal e intelectual suelen producirse en el hogar.